[Event "Tournoi Skype 026B"]
[Site "Skype"]
[Date "????.??.??"]
[Round "2.29"]
[White "Yilmazer, Seher"]
[Black "Clayton, Estelita"]
[Result "1-0"]
[WhiteElo "1295"]
[BlackElo "1000"]
[PlyCount "51"]

1. d4 d5 2. c4 c6 3. Nc3 e6 4. e3 Nf6 5. Nf3 Bb4 6. Bd3 Bxc3+ 7. bxc3 O-O 8.
O-O Qc7 9. Qc2 Nbd7 10. Bd2 dxc4 11. Bxc4 c5 12. h4 cxd4 13. cxd4 Nb6 14. Bd3
Qxc2 15. Bxc2 Nbd5 16. Ne5 Ne4 17. Bxe4 Rd8 18. f4 Ne7 19. Rab1 Nc6 20. Nxc6
bxc6 21. Bxc6 Ba6 22. Rfc1 Rac8 23. Ba5 Rd6 24. Bb5 Rxc1+ 25. Rxc1 Bxb5 26.
Rc8+ 1-0

[Event "Tournoi Skype 026B"]
[Site "Skype"]
[Date "????.??.??"]
[Round "2.30"]
[White "Gagnon, Sindy"]
[Black "Reese, Evan"]
[Result "0-1"]
[WhiteElo "1032"]
[BlackElo "1217"]
[PlyCount "36"]

1. e4 e5 2. c3 Nc6 3. d4 exd4 4. cxd4 d6 5. Nc3 Nf6 6. Nf3 Be7 7. Bd3 O-O 8.
O-O h6 9. Qd2 Bg4 10. h3 Bxf3 11. gxf3 Nxd4 12. f4 Nf3+ 13. Kg2 Nxd2 14. Bxd2
a6 15. e5 dxe5 16. fxe5 Nh5 17. e6 Qxd3 18. Rfe1 Qxd2 0-1

[Event "Tournoi Skype 026B"]
[Site "Skype"]
[Date "????.??.??"]
[Round "2.31"]
[White "Ruiz Gomez, Luz Alba"]
[Black "Jimenez Cabrera, Rodolfo"]
[Result "1-0"]
[WhiteElo "1211"]
[BlackElo "1000"]
[PlyCount "75"]

1. d4 d5 2. Bf4 Nc6 3. Nf3 e6 4. e3 Bd6 5. Bg3 Nf6 6. Nbd2 h6 7. Bb5 Ne4 8. Ne5
O-O 9. Bxc6 bxc6 10. Nxc6 Qd7 11. Ne5 Bxe5 12. dxe5 Bb7 13. Nxe4 Qe7 14. Nc3
Rad8 15. O-O c5 16. Qg4 d4 17. Bh4 Qc7 18. Bf6 g6 19. Bxd8 Qxd8 20. Ne2 Ba6 21.
Rfd1 Qg5 22. Qxg5 hxg5 23. Ng3 Rd8 24. Ne4 Kg7 25. Nxc5 Be2 26. Re1 Bg4 27. f3
Bf5 28. e4 Rc8 29. b4 a5 30. exf5 axb4 31. Ne4 gxf5 32. Nd6 Rxc2 33. Red1 Re2
34. Rxd4 Rxe5 35. Rxb4 Rd5 36. Rb6 Kg6 37. Rc1 e5 38. Rc7 1-0

[Event "Tournoi Skype 026B"]
[Site "Skype"]
[Date "????.??.??"]
[Round "2.32"]
[White "Abate, Luigi"]
[Black "Porcabeuf, Jean-Marc"]
[Result "0-1"]
[WhiteElo "1000"]
[BlackElo "1208"]
[PlyCount "46"]

1. e4 e6 2. Nc3 d5 3. d3 Ne7 4. Bf4 Ng6 5. Qd2 c5 6. Nb5 a6 7. Na3 Be7 8. Ne2
d4 9. O-O-O e5 10. Bg3 Bg5 11. f4 exf4 12. Bxf4 Be7 13. Nc4 f6 14. Kb1 b5 15.
Na5 O-O 16. a3 b4 17. a4 Qxa5 18. b3 Be6 19. c4 bxc3 20. Qc2 Qb6 21. g3 Bxb3
22. Kc1 Bxc2 23. Kxc2 Qb2# 0-1

[Event "Tournoi Skype 026B"]
[Site "Skype"]
[Date "????.??.??"]
[Round "2.33"]
[White "Clemente Alcahua, Kaparso"]
[Black "Yanez, Leticia Jorgelina"]
[Result "1-0"]
[WhiteElo "1000"]
[BlackElo "1181"]
[PlyCount "49"]

1. e4 e5 2. Nf3 Nc6 3. Bb5 d6 4. c3 a6 5. Bxc6+ bxc6 6. d4 Bg4 7. O-O Nf6 8.
Re1 Be7 9. Be3 O-O 10. h3 Qd7 11. Kh2 Nxe4 12. hxg4 Qxg4 13. Nbd2 Ng5 14. Nxg5
Qh4+ 15. Kg1 Bxg5 16. Nf3 Qe4 17. Bxg5 Qg6 18. dxe5 f6 19. exf6 gxf6 20. Bf4
Rad8 21. Nh4 Qf7 22. Nf5 Rde8 23. Nh6+ Kh8 24. Nxf7+ Rxf7 25. Rxe8+ 1-0

[Event "Tournoi Skype 026B"]
[Site "Skype"]
[Date "????.??.??"]
[Round "2.34"]
[White "Hampton, Irene"]
[Black "Maccaferri, Massimo"]
[Result "0-1"]
[WhiteElo "1000"]
[BlackElo "1160"]
[PlyCount "74"]

1. e4 e5 2. Nf3 Nc6 3. d3 Qe7 4. Be3 Qb4+ 5. Qd2 Qxb2 6. Nc3 Qxa1+ 7. Qd1 Qb2
8. Bd2 Bb4 9. Qc1 Bxc3 10. Qxb2 Bxb2 11. Be2 a5 12. Ng5 Ba3 13. Bh5 Nh6 14. O-O
Nd4 15. Re1 Nxc2 16. Re2 Bb4 17. Bc1 a4 18. Rxc2 a3 19. Rc4 c5 20. Be3 d6 21.
f4 exf4 22. Bxf4 Be6 23. Rc2 d5 24. e5 c4 25. d4 Nf5 26. Bd2 Be7 27. Bc3 b5 28.
Bd2 b4 29. Bf4 b3 30. axb3 cxb3 31. Rc7 b2 32. Bxf7+ Bxf7 33. e6 b1=Q+ 34. Bc1
a2 35. exf7+ Kd8 36. Rc3 a1=Q 37. Ne6+ Kd7 0-1

[Event "Tournoi Skype 026B"]
[Site "Skype"]
[Date "????.??.??"]
[Round "2.35"]
[White "Cengiz, Ali Ekber"]
[Black "Marty, Yvette"]
[Result "1-0"]
[WhiteElo "1153"]
[BlackElo "1000"]
[PlyCount "39"]

1. e4 e6 2. d4 e5 3. d5 Nc6 4. dxc6 dxc6 5. Nd2 Nf6 6. Ngf3 Bg4 7. h3 Bh5 8. g4
Bg6 9. Qe2 Nd7 10. Nc4 f6 11. b3 Bd6 12. Bb2 b5 13. Na5 c5 14. O-O-O O-O 15.
Nc6 Qc8 16. Qxb5 Bxe4 17. Qc4+ Kh8 18. Qxe4 Qb7 19. Bd3 a6 20. Qxh7# 1-0

[Event "Tournoi Skype 026B"]
[Site "Skype"]
[Date "????.??.??"]
[Round "2.36"]
[White "Luunge, Abdi"]
[Black "Ramirez, Luis Antonio"]
[Result "1-0"]
[WhiteElo "1000"]
[BlackElo "1139"]
[PlyCount "81"]

1. e4 c5 2. Nc3 e6 3. Nf3 Qc7 4. Be2 h6 5. Bb5 a6 6. Ba4 b5 7. Bb3 Nc6 8. a3 e5
9. Nd5 Qd6 10. c3 Nf6 11. Nxf6+ Qxf6 12. d4 c4 13. dxe5 Nxe5 14. Nxe5 Qxe5 15.
Bc2 Be7 16. f4 Qf6 17. g3 O-O 18. Qf3 d6 19. e5 Qe6 20. Qxa8 dxe5 21. Qe4 g6
22. fxe5 Qh3 23. Bf4 Rd8 24. Qc6 Qg2 25. Qxg2 Be6 26. Bxh6 Bd5 27. Be4 Be6 28.
g4 Bh4+ 29. Ke2 Re8 30. Bf4 Kg7 31. Bg3 Bg5 32. h4 Be7 33. g5 Rf8 34. h5 gxh5
35. Rxh5 Rh8 36. Rxh8 Kxh8 37. Bf4 Kg7 38. g6 f6 39. Rh1 fxe5 40. Bxe5+ Bf6 41.
Rh7+ 1-0

[Event "Tournoi Skype 026B"]
[Site "Skype"]
[Date "????.??.??"]
[Round "2.37"]
[White "De Fazio, Monica"]
[Black "Pasasin, Alejandro"]
[Result "0-1"]
[WhiteElo "1136"]
[BlackElo "1000"]
[PlyCount "90"]

1. e4 c5 2. Bc4 e6 3. Nf3 d6 4. O-O Nf6 5. d3 Be7 6. Be3 O-O 7. Nc3 a6 8. Qe2
b5 9. Bb3 Bb7 10. e5 Ng4 11. Bg5 Bxg5 12. Nxg5 Qxg5 13. Ne4 Qg6 14. f3 Nxe5 15.
Qe3 Nbd7 16. a4 d5 17. Nd2 c4 18. dxc4 bxc4 19. Ba2 Nc6 20. Rac1 Nf6 21. b3 d4
22. Qf2 c3 23. Nc4 Nb4 24. Bb1 Rae8 25. Nd6 Rb8 26. Nxb7 Rxb7 27. Qxd4 Nbd5 28.
Rce1 Re8 29. f4 Rbe7 30. Re5 h6 31. b4 Nd7 32. f5 exf5 33. Rxd5 Re2 34. g3 R8e4
35. Qxc3 Nf6 36. Qc8+ Kh7 37. Rd3 f4 38. Rd8 Qh5 39. h3 fxg3 40. c4 Re1 41.
Bxe4+ Nxe4 42. Rxe1 Qf3 43. Rf1 Qe3+ 44. Kg2 Qe2+ 45. Kg1 Qh2# 0-1

[Event "Tournoi Skype 026B"]
[Site "Skype"]
[Date "????.??.??"]
[Round "2.38"]
[White "Nobile, Mauro"]
[Black "Homme, Jim"]
[Result "0-1"]
[WhiteElo "1000"]
[BlackElo "1135"]
[PlyCount "58"]

1. d4 d5 2. c4 Nf6 3. Nc3 e6 4. e3 Be7 5. Nf3 O-O 6. Bd3 b6 7. O-O Bb7 8. h3
dxc4 9. Bxc4 c5 10. Qa4 a6 11. Qb3 Nc6 12. dxc5 Bxc5 13. Na4 Na5 14. Nxc5 Nxb3
15. Nxb7 Qe7 16. Bxb3 Qxb7 17. Bc2 h6 18. b4 Qc6 19. Nd4 Qc3 20. Rb1 Rad8 21.
Bb2 Qc7 22. Rfc1 Qd6 23. a3 Rc8 24. Ba1 Nd5 25. Bb3 Rxc1+ 26. Rxc1 Ne7 27. Rd1
e5 28. Nf3 Qc6 29. Rc1 Qxc1+ 0-1

[Event "Tournoi Skype 026B"]
[Site "Skype"]
[Date "????.??.??"]
[Round "2.39"]
[White "Pourtahmasbi, Ednun"]
[Black "Barrionuevo, Hilario"]
[Result "1-0"]
[WhiteElo "1000"]
[BlackElo "1106"]
[PlyCount "55"]

1. e4 e5 2. Nf3 Nc6 3. Bb5 a6 4. Bxc6 bxc6 5. Nc3 Nf6 6. d3 c5 7. Be3 h6 8. Nd5
Nh5 9. Nxe5 d6 10. Nc4 g6 11. d4 Bb7 12. Na5 Bxd5 13. exd5 Bg7 14. Nc6 Qd7 15.
Qf3 O-O 16. O-O-O a5 17. g4 Nf6 18. g5 hxg5 19. Rhg1 c4 20. Bxg5 Nh5 21. Ne7+
Kh7 22. Rg4 c3 23. bxc3 Qb5 24. Rh4 Rab8 25. Rxh5+ gxh5 26. Qxh5+ Bh6 27. Bxh6
Qb1+ 28. Kd2 1-0

[Event "Tournoi Skype 026B"]
[Site "Skype"]
[Date "????.??.??"]
[Round "2.40"]
[White "Dib, Catherine"]
[Black "Schuh, David"]
[Result "1-0"]
[WhiteElo "1099"]
[BlackElo "1000"]
[PlyCount "89"]

1. Nf3 e6 2. c4 Bc5 3. e3 Nf6 4. d4 Bb4+ 5. Nbd2 Bxd2+ 6. Bxd2 O-O 7. Be2 Nc6
8. O-O b6 9. Rc1 Bb7 10. c5 bxc5 11. dxc5 d5 12. Qb3 Rb8 13. a4 a5 14. Qc2 h6
15. Rfe1 Re8 16. Nd4 Nb4 17. Bxb4 axb4 18. c6 Ba8 19. a5 Qd6 20. Ra1 e5 21. Nb5
Qe6 22. Nxc7 Rec8 23. Nxe6 fxe6 24. c7 Rb7 25. Ba6 Rbxc7 26. Qb3 Rb8 27. Ra4
Bc6 28. Rxb4 Rcb7 29. Bxb7 Bxb7 30. Rxb7 Rxb7 31. Qxb7 d4 32. exd4 exd4 33.
Rxe6 d3 34. Rd6 Kh7 35. Rd7 Nxd7 36. Qxd7 Kg6 37. Qxd3+ Kf6 38. a6 g5 39. a7 h5
40. a8=Q g4 41. Qf8+ Kg5 42. Qd4 Kh4 43. g3+ Kh3 44. Qfh8 h4 45. Qxh4# 1-0

[Event "Tournoi Skype 026B"]
[Site "Skype"]
[Date "????.??.??"]
[Round "2.41"]
[White "Tupe, Jyoti"]
[Black "Alverson, Ginny"]
[Result "0-1"]
[WhiteElo "1000"]
[BlackElo "1083"]
[PlyCount "48"]

1. e4 c5 2. Nc3 d6 3. Nf3 Nc6 4. Bc4 Nf6 5. Ng5 Be6 6. Bxe6 fxe6 7. d3 h6 8.
Nxe6 Qd7 9. Nxf8 Rxf8 10. Nd5 Nxd5 11. exd5 Nd4 12. O-O O-O-O 13. Be3 Nf5 14.
Qe2 Nxe3 15. Qxe3 Qf5 16. Rfe1 Rf7 17. Qe4 Qxf2+ 18. Kh1 Rdf8 19. Qg4+ Kb8 20.
Rf1 Qxc2 21. Rxf7 Rxf7 22. Qe6 Qf2 23. Re1 Qf1+ 24. Rxf1 Rxf1# 0-1

[Event "Tournoi Skype 026B"]
[Site "Skype"]
[Date "????.??.??"]
[Round "3.1"]
[White "Rodriguez, Nathalie"]
[Black "Couto, Januario"]
[Result "1/2-1/2"]
[WhiteElo "1268"]
[BlackElo "1448"]
[PlyCount "54"]

1. d4 f5 2. Bf4 Nf6 3. e3 d6 4. Nf3 g6 5. Nbd2 Bg7 6. Bc4 e6 7. c3 O-O 8. O-O
Nc6 9. h3 Qe8 10. Qb3 Na5 11. Qb4 Nxc4 12. Qxc4 c6 13. Bxd6 Rf7 14. Be5 a5 15.
a3 b5 16. Qd3 Ba6 17. Qc2 b4 18. Rfe1 bxc3 19. Qxc3 Ne4 20. Nxe4 fxe4 21. Nd2
Bd3 22. Bg3 Qd7 23. Nc4 c5 24. Ne5 Bxe5 25. dxe5 c4 26. Rac1 a4 27. Qd4 Qxd4
1/2-1/2

[Event "Tournoi Skype 026B"]
[Site "Skype"]
[Date "????.??.??"]
[Round "3.2"]
[White "Tembhurnekar, Ritu"]
[Black "Ortiz, Vladimir"]
[Result "0-1"]
[WhiteElo "1179"]
[BlackElo "1432"]
[PlyCount "64"]

1. d4 d5 2. Bf4 Bf5 3. e3 e6 4. Nc3 a6 5. h3 Bd6 6. Qf3 Bxf4 7. Qxf4 Bxc2 8.
Nf3 Nd7 9. Qg3 Bg6 10. Be2 Nh6 11. Nh4 c5 12. O-O cxd4 13. exd4 Rc8 14. Rac1
Nf5 15. Nxf5 exf5 16. Rfe1 O-O 17. Nxd5 Rxc1 18. Rxc1 Nf6 19. Nxf6+ Qxf6 20.
Qc7 Qxd4 21. Qc8 Qxb2 22. Bf3 h6 23. Qc7 b5 24. Qc3 Qxa2 25. Ra1 Qc4 26. Qxc4
bxc4 27. Rxa6 Rc8 28. Ra2 c3 29. Ra1 f4 30. Rc1 c2 31. Bd5 Rb8 32. Ba2 Rb2 0-1

[Event "Tournoi Skype 026B"]
[Site "Skype"]
[Date "????.??.??"]
[Round "3.3"]
[White "Munoz Gonzalez, Martin"]
[Black "De Nobrega, George"]
[Result "1-0"]
[WhiteElo "1405"]
[BlackElo "1301"]
[PlyCount "120"]

1. d4 d5 2. Bf4 Nf6 3. Nf3 e6 4. e3 a6 5. Bd3 Nc6 6. c3 Nh5 7. Be5 Nf6 8. Bf4
Be7 9. h3 Nh5 10. Bh2 Bd6 11. Ne5 Nf6 12. Nxc6 bxc6 13. Bxd6 Qxd6 14. Nd2 c5
15. Nf3 cxd4 16. exd4 h6 17. Qe2 a5 18. Bb5+ Bd7 19. Bd3 O-O 20. O-O Bc8 21.
Ne5 Ba6 22. Rad1 Bxd3 23. Rxd3 Ne4 24. c4 c6 25. c5 Qc7 26. f3 Ng3 27. Qf2 Nxf1
28. Kxf1 f6 29. Ng4 Qf4 30. Re3 Qxd4 31. Rxe6 Qxf2+ 32. Kxf2 Rfc8 33. Re1 Rab8
34. Re2 Rb5 35. Rc2 Rd8 36. Ke2 d4 37. Nf2 Rd5 38. Nd3 Kf7 39. a3 g5 40. b4
axb4 41. axb4 Kg6 42. Ra2 Rd8 43. Ra6 Rc8 44. g3 f5 45. Ne5+ Kg7 46. Nxc6 Re8+
47. Kd3 Re3+ 48. Kxd4 Rxf3 49. Ra7+ Kf8 50. Kc4 Rxb4+ 51. Kxb4 Re3 52. Ra8+ Kf7
53. Ra7+ Ke8 54. Re7+ Rxe7 55. Nxe7 Kxe7 56. Kb5 Kd8 57. Kb6 Kc8 58. Kc6 f4 59.
gxf4 gxf4 60. Kd5 f3 1-0

[Event "Tournoi Skype 026B"]
[Site "Skype"]
[Date "????.??.??"]
[Round "3.4"]
[White "Mantelli, Luca"]
[Black "Farfallini, Michel"]
[Result "0-1"]
[WhiteElo "1347"]
[BlackElo "1283"]
[PlyCount "132"]

1. e4 e5 2. Nf3 Nc6 3. Bc4 Be7 4. d4 exd4 5. e5 Bc5 6. O-O Nh6 7. c3 d6 8. cxd4
Nxd4 9. Nxd4 d5 10. Bb3 Be6 11. Nxe6 fxe6 12. Bxh6 gxh6 13. Qh5+ Kd7 14. Qxh6
Qf8 15. Qh3 c6 16. Nd2 Qf7 17. Bc2 Raf8 18. Qf3 Qg7 19. Qc3 Rhg8 20. g3 Bb6 21.
Nf3 Qf7 22. Bd1 h5 23. Kg2 Qf4 24. Qd2 Qg4 25. h4 Bc7 26. a4 Rxf3 27. Bxf3 Qxh4
28. Kg1 Bb6 29. Kg2 Bc7 30. Rh1 Qg5 31. Qxg5 Rxg5 32. Rxh5 Rxh5 33. Bxh5 Bxe5
34. b4 Bxa1 35. g4 Bf6 36. Kf3 Kd6 37. Ke3 Ke5 38. f4+ Kd6 39. g5 Bg7 40. g6
Bh6 41. Bg4 e5 42. g7 exf4+ 43. Kd3 Bxg7 44. Bf3 a6 45. Be2 Ke5 46. Kd2 Kd4 47.
b5 cxb5 48. axb5 axb5 49. Bxb5 Ke4 50. Ke2 f3+ 51. Kf2 Bd4+ 52. Kf1 f2 53. Bd7
b6 54. Bb5 Ke5 55. Ba4 Bc5 56. Bd7 d4 57. Bb5 Ke4 58. Ba4 d3 59. Bd1 d2 60.
Bc2+ Ke3 61. Bd1 b5 62. Bc2 b4 63. Bd1 Kd3 64. Be2+ Kc2 65. Bg4 b3 66. Bf5+ Kc1
0-1

[Event "Tournoi Skype 026B"]
[Site "Skype"]
[Date "????.??.??"]
[Round "3.5"]
[White "Aroucha, Abraao"]
[Black "Santos, Joselito"]
[Result "0-1"]
[WhiteElo "1000"]
[BlackElo "1346"]
[PlyCount "98"]

1. c4 e5 2. g3 f5 3. d3 Nf6 4. Bg2 c6 5. Nf3 d6 6. Nc3 Be7 7. a3 O-O 8. O-O Be6
9. Ng5 Bf7 10. Qc2 Nh5 11. Nxf7 Rxf7 12. e3 h6 13. Bf3 Nf6 14. e4 Qd7 15. Re1
Na6 16. b4 Nc7 17. h4 fxe4 18. dxe4 Ne6 19. Qd3 Nd4 20. Rb1 Ne8 21. Re3 Nc7 22.
Bh5 Rf6 23. Qd1 Raf8 24. Bg4 Qe8 25. Rb2 g6 26. c5 h5 27. Bh3 a6 28. Bg2 Ncb5
29. Nd5 cxd5 30. exd5 Nxa3 31. Rxa3 Nb5 32. Re3 dxc5 33. Rxe5 Qf7 34. Bh6 Rxf2
35. Rxf2 Qxf2+ 36. Kh2 Rf7 37. Qg1 Qxg1+ 38. Kxg1 cxb4 39. d6 Nxd6 40. Bd5 b6
41. Rxe7 a5 42. Bxf7+ Nxf7 43. Be3 b3 44. Re4 b2 45. Re8+ Kh7 46. Bxb6 b1=Q+
47. Kh2 Qxb6 48. Re1 Qf2+ 49. Kh3 Qxe1 0-1

[Event "Tournoi Skype 026B"]
[Site "Skype"]
[Date "????.??.??"]
[Round "3.6"]
[White "Sanchez Padilla, Armando Edilber"]
[Black "Hernandez Lopez, Joaquin"]
[Result "0-1"]
[WhiteElo "1324"]
[BlackElo "1277"]
[PlyCount "110"]

1. e4 c5 2. Nf3 e6 3. Nc3 Nc6 4. Bb5 d6 5. a3 a6 6. Ba4 Nf6 7. d3 Be7 8. Bg5 b5
9. Bb3 O-O 10. O-O Bb7 11. Re1 Ng4 12. Bd2 Bf6 13. h3 Nge5 14. Nh2 Nd4 15. Ba2
Bg5 16. Bxg5 Qxg5 17. Re3 Qe7 18. Rg3 f5 19. f4 Ng6 20. exf5 Rxf5 21. Re3 Nxf4
22. Ne2 Nxg2 23. Nxd4 Nxe3 24. Bxe6+ Kh8 25. Nxf5 Qg5+ 26. Kf2 Nxd1+ 27. Rxd1
Qg2+ 28. Ke3 Qxh2 29. Ne7 Qe5+ 30. Kd2 Qxe6 31. Re1 Qxh3 32. Re3 Qh6 33. Nf5
Qf4 34. Ne7 Re8 35. Ke2 Qh2+ 36. Ke1 Qh4+ 37. Ke2 Rxe7 38. Rxe7 Qxe7+ 39. Kd2
b4 40. axb4 cxb4 41. b3 g5 42. Kc1 g4 43. Kb2 g3 44. Kc1 g2 45. Kb2 g1=Q 46. d4
Qxd4+ 47. Ka2 Qc5 48. Kb1 Qa5 49. Kb2 Qee5+ 50. Kc1 Qea1+ 51. Kd2 Qd5+ 52. Ke3
Qe1+ 53. Kf4 Qf3+ 54. Kg5 Qg1+ 55. Kh4 Qgg4# 0-1

[Event "Tournoi Skype 026B"]
[Site "Skype"]
[Date "????.??.??"]
[Round "3.7"]
[White "Malbec, Robert"]
[Black "Sanchez, Pedro"]
[Result "1-0"]
[WhiteElo "1322"]
[BlackElo "1228"]
[PlyCount "152"]

1. e4 d5 2. exd5 Qxd5 3. Nc3 Qd8 4. Nf3 Bg4 5. d4 Nc6 6. Bb5 Nf6 7. d5 Nxd5 8.
Nxd5 e6 9. Bxc6+ bxc6 10. Nc3 Bd6 11. Qd3 Qf6 12. Ne4 Qf5 13. Nxd6+ cxd6 14.
Qxf5 Bxf5 15. Nd4 O-O 16. c3 Be4 17. O-O c5 18. Ne2 Bd3 19. Re1 c4 20. Ng3 f5
21. b3 e5 22. bxc4 Bxc4 23. Bb2 f4 24. Ne4 Bd5 25. f3 Rae8 26. Nxd6 Re6 27. Ba3
Rb8 28. c4 Bc6 29. Rab1 Rxb1 30. Rxb1 h5 31. h4 Kh7 32. Re1 Kh6 33. c5 g5 34.
hxg5+ Kxg5 35. Kh2 h4 36. Bb2 h3 37. Rxe5+ Rxe5 38. Bxe5 hxg2 39. Kxg2 a5 40.
Ne4+ Kf5 41. Bc3 a4 42. Nd6+ Ke6 43. a3 Kd5 44. Bb4 Ke6 45. Ne4 Kd5 46. Bd2 Ke5
47. Nf2 Kd4 48. Bb4 Ke3 49. Ng4+ Ke2 50. Ne5 Bb7 51. c6 Ba6 52. c7 Bb7 53. Be7
Ke3 54. Bg5 Ba6 55. Ng6 Bb7 56. Bxf4+ Ke2 57. Ne5 Bc8 58. Kg3 Bb7 59. Bg5 Ba6
60. f4 Bc8 61. Be7 Ke3 62. Nc6 Ke4 63. Na7 Bb7 64. c8=Q Bxc8 65. Nxc8 Kd5 66.
Kg4 Kc6 67. Bb4 Kd7 68. Nb6+ Kc6 69. Nxa4 Kb5 70. Nc5 Kc6 71. f5 Kc7 72. f6 Kd8
73. Kg5 Ke8 74. Kg6 Kf8 75. Nd7+ Ke8 76. f7+ Kxd7 1-0

[Event "Tournoi Skype 026B"]
[Site "Skype"]
[Date "????.??.??"]
[Round "3.8"]
[White "Franca, Diego"]
[Black "Khatanhar, Mohit"]
[Result "0-1"]
[WhiteElo "1331"]
[BlackElo "1256"]
[PlyCount "70"]

1. d4 d5 2. c4 dxc4 3. Nc3 e6 4. e4 h6 5. Bxc4 c6 6. Nf3 Nf6 7. O-O Be7 8. Re1
O-O 9. Bf4 Nbd7 10. Ne5 Nb6 11. Bd3 Nbd7 12. Nxd7 Bxd7 13. e5 Nd5 14. Nxd5 cxd5
15. Bc2 Be8 16. Qd3 f5 17. Qg3 Bh4 18. Qb3 b6 19. Re3 Bg5 20. Bxg5 Qxg5 21. Rg3
Qh4 22. Qf3 Qxd4 23. Rb1 Qxe5 24. Rh3 Rf6 25. Qg3 Qe2 26. Qc7 Bg6 27. Re3 Qh5
28. Bd1 Qh4 29. g3 Qb4 30. a3 Qf8 31. b4 f4 32. Rf3 fxg3 33. Rxf6 gxh2+ 34.
Qxh2 Qxf6 35. Rc1 Qg5+ 0-1

[Event "Tournoi Skype 026B"]
[Site "Skype"]
[Date "????.??.??"]
[Round "3.9"]
[White "Vervoort, Jean-Louis"]
[Black "Bendre, Pankaj"]
[Result "1/2-1/2"]
[WhiteElo "1224"]
[BlackElo "1461"]
[PlyCount "38"]

1. d4 d5 2. c4 c6 3. Nc3 Nf6 4. Bg5 Nbd7 5. Bxf6 Nxf6 6. Nf3 e6 7. e3 Qc7 8.
Bd3 dxc4 9. Bxc4 b5 10. Bb3 a5 11. a3 a4 12. Bc2 Bb7 13. O-O Bd6 14. Re1 O-O
15. Qd3 Rfd8 16. e4 e5 17. d5 Ra5 18. Re3 Ba6 19. Qd1 c5 1/2-1/2

[Event "Tournoi Skype 026B"]
[Site "Skype"]
[Date "????.??.??"]
[Round "3.10"]
[White "Le Bouill, Pierre"]
[Black "Amato, Ludovica"]
[Result "1/2-1/2"]
[WhiteElo "1198"]
[BlackElo "1368"]
[PlyCount "60"]

1. c4 e5 2. g3 Nf6 3. Bg2 Bc5 4. Nc3 c6 5. d3 d6 6. Nf3 O-O 7. O-O h6 8. e3 Bf5
9. Nh4 Bh7 10. a3 Bb6 11. Re1 Nbd7 12. b3 Nc5 13. Bf1 d5 14. b4 Ne6 15. cxd5
Nxd5 16. Nxd5 Qxd5 17. e4 Qd4 18. Be3 Qd7 19. Bh3 Rfd8 20. Bf1 Bd4 21. Bxd4
Qxd4 22. Nf3 Qd6 23. Qd2 b6 24. Rac1 a5 25. Qc3 Nd4 26. Nxd4 Qxd4 27. Qxd4 Rxd4
28. Rxc6 axb4 29. axb4 Rxb4 30. Rec1 Bg6 1/2-1/2

[Event "Tournoi Skype 026B"]
[Site "Skype"]
[Date "????.??.??"]
[Round "3.11"]
[White "Felippe E Silva, Glenda"]
[Black "Bustos, Ricardo"]
[Result "1-0"]
[WhiteElo "1314"]
[BlackElo "1243"]
[PlyCount "128"]

1. d4 Nf6 2. Nf3 d6 3. Bf4 Nbd7 4. h3 c5 5. e3 cxd4 6. exd4 e6 7. c3 Be7 8. Bd3
O-O 9. O-O Nh5 10. Bh2 Nhf6 11. Re1 a6 12. a3 b5 13. Nbd2 Bb7 14. Rc1 Qb6 15.
Qc2 Rac8 16. Qb1 Qa7 17. Bf4 g6 18. Ne4 Nxe4 19. Bxe4 Bxe4 20. Rxe4 Nf6 21. Re3
Nd5 22. Re4 Nxf4 23. Rxf4 Bg5 24. Nxg5 e5 25. dxe5 dxe5 26. Rh4 Qe7 27. Rg4 Rc4
28. Rxc4 bxc4 29. Ne4 f5 30. Nd2 Qc5 31. Qa2 Rc8 32. b3 cxb3 33. Qxb3+ Kg7 34.
Qb4 Qc7 35. Nf3 Rb8 36. Qa4 a5 37. Ng5 Qe7 38. h4 h6 39. Nf3 e4 40. Nd4 e3 41.
Nc6 exf2+ 42. Kxf2 Qc5+ 43. Kf1 Re8 44. Nxa5 Re7 45. Qb4 Qe3 46. Nb3 Qe2+ 47.
Kg1 Qe3+ 48. Kh1 Re4 49. Qxe4 Qxe4 50. c4 Qxh4+ 51. Kg1 Qe4 52. c5 Qe3+ 53. Kh1
Qxb3 54. c6 Qe6 55. c7 Qc8 56. a4 Kf7 57. a5 Ke6 58. a6 Kd7 59. a7 f4 60. Kg1
g5 61. Kf2 g4 62. g3 fxg3+ 63. Kxg3 h5 64. Kh4 Qb7 1-0

[Event "Tournoi Skype 026B"]
[Site "Skype"]
[Date "????.??.??"]
[Round "3.12"]
[White "Swanepoel, Karel"]
[Black "Castellar, Juarez Iorio"]
[Result "0-1"]
[WhiteElo "1038"]
[BlackElo "1294"]
[PlyCount "92"]

1. e4 c5 2. Nf3 d6 3. d4 cxd4 4. Nxd4 Nf6 5. Nc3 a6 6. Bc4 e6 7. O-O Be7 8. Re1
O-O 9. h3 b5 10. Bb3 Bb7 11. e5 dxe5 12. Rxe5 Nbd7 13. Re1 Nc5 14. Nxe6 Qxd1
15. Nxd1 Nxe6 16. Bxe6 fxe6 17. Rxe6 Rfe8 18. Nc3 Bc5 19. Rxe8+ Rxe8 20. Bf4
Nh5 21. Bh2 Bb4 22. g4 Nf6 23. Rf1 Bxc3 24. bxc3 Re2 25. Rc1 Be4 26. Kf1 Rxc2
27. Re1 Rxa2 28. g5 Bd3+ 29. Kg1 Ne4 30. Re3 Bc2 31. f3 Nd2 32. Kf2 Nc4 33. Re2
Kf7 34. f4 g6 35. h4 Bb3 36. Ke1 Rxe2+ 37. Kxe2 Ke6 38. Bg3 Kf5 39. Kf3 Nd6 40.
Bh2 Ne4 41. Ke3 Nxc3 42. Bg3 Ne4 43. Bh2 b4 44. Kf3 Bc2 45. Bg1 b3 46. Bd4 a5
0-1

[Event "Tournoi Skype 026B"]
[Site "Skype"]
[Date "????.??.??"]
[Round "3.13"]
[White "Battaglia, Gabriele"]
[Black "Chavez, Isidro"]
[Result "1-0"]
[WhiteElo "1243"]
[BlackElo "1217"]
[PlyCount "53"]

1. Nf3 c5 2. g3 d5 3. Bg2 Nc6 4. O-O Nf6 5. d3 e6 6. Nbd2 h6 7. c4 Qb6 8. cxd5
Nxd5 9. e4 Ndb4 10. Nc4 Qc7 11. Bf4 Qd8 12. Ne1 b5 13. a3 bxc4 14. axb4 Nxb4
15. dxc4 Qxd1 16. Rxd1 Bb7 17. Nd3 Be7 18. Nxb4 cxb4 19. b3 O-O 20. Rd7 Bxe4
21. Bxe4 Rae8 22. Rxa7 f5 23. Bf3 Rd8 24. Rxe7 Rd3 25. Rd1 Rxf3 26. Rdd7 Rf7
27. Rxf7 1-0

[Event "Tournoi Skype 026B"]
[Site "Skype"]
[Date "????.??.??"]
[Round "3.14"]
[White "Zenini, Simone"]
[Black "Conde, Carmen"]
[Result "1-0"]
[WhiteElo "1458"]
[BlackElo "1201"]
[PlyCount "69"]

1. d4 d5 2. Nf3 Nc6 3. c4 dxc4 4. Nc3 Bf5 5. e3 Be6 6. d5 Bd7 7. dxc6 bxc6 8.
Bxc4 e6 9. O-O Qf6 10. Qc2 h6 11. b3 a5 12. Bb2 Ne7 13. Ne2 e5 14. Bxe5 Qf5 15.
Bd3 Qe6 16. Ned4 Qg4 17. h3 Qh5 18. Bxc7 Nd5 19. Bg3 Rc8 20. Ne2 Nb4 21. Qc4
Be6 22. Qe4 Rd8 23. Bc4 Be7 24. Bxe6 fxe6 25. Qxe6 Rd6 26. Qe4 O-O 27. Bxd6
Bxd6 28. Qe6+ Qf7 29. Qxd6 Kh7 30. Nf4 g5 31. Ne6 Rg8 32. Rfd1 Nd5 33. e4 Nc3
34. Qd7 Kg6 35. Ne5+ 1-0

[Event "Tournoi Skype 026B"]
[Site "Skype"]
[Date "????.??.??"]
[Round "3.15"]
[White "Rivalta, Paolo"]
[Black "Cengiz, Ali Ekber"]
[Result "0-1"]
[WhiteElo "1440"]
[BlackElo "1153"]
[PlyCount "70"]

1. e4 e5 2. Nc3 Nf6 3. h3 d6 4. d3 h6 5. Nf3 Nbd7 6. d4 exd4 7. Nxd4 Ne5 8. Bd3
Be6 9. O-O Ng6 10. Nxe6 fxe6 11. Qf3 Ne5 12. Qg3 Qd7 13. Bf4 Nh5 14. Qe3 Nxf4
15. Qxf4 g5 16. Qe3 Rg8 17. f4 gxf4 18. Qxf4 c6 19. Be2 O-O-O 20. Qe3 b6 21.
Ba6+ Kb8 22. a4 d5 23. Qf4 Bd6 24. b3 Nd3 25. Qe3 Bc5 26. Qxc5 Nxc5 27. Be2 d4
28. Na2 d3 29. Rad1 Qd4+ 30. Rf2 Qxe4 31. Bf3 Qf4 32. cxd3 Nxd3 33. Nc1 Nxf2
34. Kxf2 Rxd1 35. Ne2 Qd6 0-1

[Event "Tournoi Skype 026B"]
[Site "Skype"]
[Date "????.??.??"]
[Round "3.16"]
[White "Galani, Mahendra"]
[Black "Baker, Abi"]
[Result "1-0"]
[WhiteElo "1437"]
[BlackElo "1125"]
[PlyCount "107"]

1. e4 e6 2. d4 d5 3. e5 c5 4. Nf3 c4 5. b3 Nc6 6. bxc4 dxc4 7. Bxc4 Bb4+ 8. c3
Ba5 9. Bg5 Nge7 10. Qc2 h6 11. Bf4 g5 12. Bg3 g4 13. Nfd2 Nf5 14. Bb5 Nxg3 15.
fxg3 Qd5 16. Bxc6+ bxc6 17. O-O Ba6 18. Re1 O-O-O 19. a4 h5 20. Na3 h4 21. gxh4
Rxh4 22. Re4 Rdh8 23. h3 gxh3 24. gxh3 Rg8+ 25. Kh2 Rh5 26. c4 Qd8 27. Nf3 f5
28. Rf4 Be1 29. Rxe1 Qa5 30. Rb1 Qc7 31. d5 Qg7 32. Rg1 Qh6 33. Rxg8+ Kd7 34.
Qg2 Qxf4+ 35. Kh1 Qc1+ 36. Ng1 Qxa3 37. Qg7+ Qe7 38. dxe6+ Kxe6 39. Qg6+ Kxe5
40. Qxh5 Bxc4 41. Re8 Bf7 42. Rxe7+ Be6 43. Qe2+ Kd4 44. Rxe6 c5 45. Qe5+ Kc4
46. a5 a6 47. Qxf5 Kb5 48. Qb1+ Kxa5 49. Qb6+ Ka4 50. Qxa6+ Kb4 51. Re4+ Kc3
52. Qc4+ Kd2 53. Re2+ Kd1 54. Qc2# 1-0